| 000 | 00434nam a2200181Ia 4500 | ||
|---|---|---|---|
| 008 | 230711s9999||||xx |||||||||||||| ||und|| | ||
| 020 | _a978-81-318-0428-5 | ||
| 041 | _aENG | ||
| 082 |
_a690 _bPU-B |
||
| 100 | _aPunmia ,B.c | ||
| 245 | 0 | _aBuilding construction | |
| 250 | _a10th | ||
| 260 |
_c2012 _aNew Delhi _bLaxmi Publications(P) Ltd |
||
| 300 | _a666 | ||
| 650 | _aCivil Engineering | ||
| 700 | _aJain,Ashok Kumar | ||
| 942 | _cBK | ||
| 999 |
_c62 _d62 |
||